[Event "79th Tata Steel Chess 2017-Masters"]
[Site "Wijk aan Zee"]
[Date "2017.01.27"]
[Round "11"]
[White "Giri, Anish"]
[Black "Harikrishna, Pentala"]
[Result "1/2-1/2"]
[WhiteElo "2773"]
[BlackElo "2766"]
[Annotator "Sagar Shah"]
[PlyCount "71"]
[EventDate "2017.??.??"]
[EventType "tourn"]
[EventCountry "NED"]
[SourceTitle "playchess.com"]
[Source "ChessBase"]
[TimeControl "40/6000+30:20/3000+30:900+30"]

1. Nf3 {[%emt 0:00:00]} Nf6 {[%emt 0:00:12]} 2. c4 {[%emt 0:00:00]} c5 {
[%emt 0:00:08]} 3. Nc3 {[%emt 0:00:00]} d5 {[%emt 0:00:07]} 4. cxd5 {[%emt 0:
00:00]} Nxd5 {[%emt 0:00:09]} 5. e4 {[%emt 0:00:00]} Nb4 {[%emt 0:00:10]} 6.
Bc4 {[%emt 0:00:00]} Nd3+ {95} 7. Ke2 {[%emt 0:00:00]} Nxc1+ {[%emt 0:00:07]}
8. Rxc1 {11 This is one of the wonders of modern chess. White has almost all
his pieces developed. Black hasn't got out any one of them yet and still the
position is interesting and playable! I must say that in order to play this
with Black you must be very well prepared, as one mistake and it's all over.}
a6 {[%emt 0:00:10]} (8... Nc6 9. Bb5 {has been scoring well for White. Hence,
Hari first stops the Bb5 idea.}) 9. d4 {[%emt 0:00:10]} b5 {[%emt 0:00:07]} 10.
Bd5 {[%emt 0:00:03]} Ra7 {6 I remember seeing the crazy game between Jakovenko
and Sutovsky and I said to myself, this must be winning for White at some
point. And it was. In the end Sutovsky had won, but still, this line is very
dangerous for Black.} 11. dxc5 {[%emt 0:00:46]} e6 {[%emt 0:00:07]} 12. c6 {
71 Harikrishna thought here for nearly 28 minutes before making his next move.}
b4 $1 {1703} (12... exd5 13. Nxd5 $16 {looks really bad.}) 13. Qd4 {808} Rc7 {
271} (13... Qe7 {was what Anish had prepared.} 14. Na4 exd5 15. Rhe1 dxe4 16.
Kf1 $16 {With a very strong attack.}) 14. Na4 {275} exd5 {67} 15. exd5 {
133 White has two pawns for a piece and excellent development. Next up the
rook will come to e1 and king will tuck itself in on f1. This is the ideal
scenario for White. Black will try to fight this idea, but in any case this
looks better for White.} Be7 {185} 16. Qxg7 {284} Bf6 {110} 17. Qh6 {305} Re7+
{1471} 18. Kf1 {[%emt 0:00:19]} Qxd5 $2 {366} (18... Be5 {was perhaps the best.
}) 19. Qxf6 {107 White has won back his piece and is two pawns up. Even if the
one on c6 falls, White will be a pawn up and the rest should be easy for Anish.
} Rg8 {63} 20. h3 $2 {1509} (20. g3 $1 Bg4 21. Kg2 {It's surely risky to get
into this pin, but it all works out well.} Re6 22. c7 $18) 20... Re6 {810} 21.
Qf4 {[%emt 0:00:54]} Nxc6 {[%emt 0:00:40]} 22. Nc5 {268} Re7 {109} 23. g3 {466}
Rg6 {462} 24. Kg2 {416} Qd6 {554 Harikrishna found that the endgame was the
best way to try and defend this inferior position. But it's just going into a
pawn down lost position.} (24... Qxa2 25. Rhe1 Qd5 26. Ne4 $18) 25. Qc4 {201} (
25. Qxd6 Rxd6 $16 {was possible, but Giri is right when he decides to keep the
queens on the board. The black king is more exposed and it makes sense to keep
the most powerful piece.}) 25... Qf6 {72} 26. Rce1 {256} Qxb2 {68} 27. Na4 {231
} Qa3 {211} 28. Nb6 {[%emt 0:00:36]} Bb7 {5 Black is consolidating to some
extent.} 29. Nd5 $2 {7 A big blunder by Giri after which Hari had the chances
to wrest over the initiative.} Rge6 $6 {[%emt 0:00:08]} (29... Rd6 $1 30. Qc5 (
30. Nxe7 Ne5 $1 31. Rxe5 Qxf3+ $19) 30... Qxf3+ $3 {what a sacrifice!} 31. Kxf3
Rxd5 32. Rxe7+ Nxe7 33. Qa7 Rf5+ 34. Ke2 Bxh1 $19 {And Black should win this.})
30. Qc5 {527} Rxe1 {[%emt 0:00:56]} 31. Rxe1 {151} Rxe1 {[%emt 0:00:04]} 32.
Nxe1 {[%emt 0:00:44]} Qxa2 {124} 33. Nf3 {168} Kd7 {[%emt 0:00:01]} 34. Kh2 {62
} Qe2 {[%emt 0:00:23]} 35. Nf6+ {315} Kc7 {[%emt 0:00:15]} 36. Nd5+ {5 A very
depressing game for Anish. Once again he botched up a winning position. And
Hari should overall be happy, although he could have won at one particular
instance!} 1/2-1/2

[Event "79th Tata Steel Masters"]
[Site "Wijk aan Zee"]
[Date "2017.01.27"]
[Round "11"]
[White "Wei Yi"]
[Black "Karjakin"]
[Result "1-0"]
[WhiteElo "2706"]
[BlackElo "2785"]
[PlyCount "61"]
[EventDate "2017.??.??"]

{Last time Wei Yi played against Karjakin, he started out with 1.b3 and it
didn't go well. Now he seems to have gained more confindence and his
preparation today was surely impressive.} 1. e4 e5 2. Nf3 Nc6 3. Bb5 {The
Scotch is not for everyone and somewhat harsh against mistakes. The Giuoco
Piano is like an amarone, in that it is hard to go wrong with it. The Ruy
Lopez is more complex with oaky notes. A full bodied opening.} Nf6 4. d3 {
Avoiding the Berlin defence main lines is the dish of the day for those rated
above 2600.} ({Last years clash continued} 4. O-O Nxe4 5. Re1 Nd6 6. Nxe5 Be7
7. Bf1 Nxe5 8. Rxe5 O-O 9. Nc3 Ne8 10. Nd5 Bd6 11. Re1 c6 12. Ne3 Be7 13. c4
Nc7 14. d4 {and here Karjakin played} d6 {and ended up in a worse position.
Wei Yi (2705)-Karjakin,S (2765) 78th Tata Steel GpA 2016} ({Instead} 14... d5
15. cxd5 Bb4 16. Bd2 Bxd2 17. Qxd2 Nxd5 {has been proved to draw with ease for
Black (in about twenty games).})) 4... Bc5 5. c3 (5. Bxc6 dxc6 6. h3 {was
played by Magnus Carlsen in a number of blitz games last year.} ({However, his
} 6. Qe2 {against Wesley So in the Masters Final, indicates that White is
scraping the bottom of the bucket for ideas here.} Qe7 7. Nbd2 Bg4 8. h3 Bh5 9.
a3 Nd7 10. b4 Bd6 11. Nc4 f6 12. Ne3 a5 13. Nf5 Qf8 14. bxa5 Rxa5 15. O-O Qf7
16. a4 Nc5 17. Qe1 b6 18. Nd2 Rxa4 19. Nc4 Bf8 20. Be3 Kd7 21. Qc3 Nxe4 22.
Nxb6+ cxb6 23. dxe4 Qc4 24. Qd2+ Kc7 25. g4 Bg6 26. Rfd1 {1-0, Carlsen,M (2855)
-So,W (2770) 9th Masters Final 2016})) ({It seems the reason why White often
prefers 5.c3 over} 5. O-O {is that} Nd4 6. Nxd4 Bxd4 {gives Black an easier
game. Still, White has been able to squeeze a few wins here too, even on a
high level.}) 5... O-O ({Black has also tried} 5... d5 {, which seems very
principled.} 6. exd5 Qxd5 7. Bc4 Qd6 8. Qe2 O-O 9. Nbd2 a5 10. Ng5 Bf5 (10...
Qe7 11. Nde4 Bd6 12. a4 h6 13. h4 $1 Nd8 14. Qf3 Ng4 15. Qe2 Kh8 16. f3 Nf6 17.
Nxf6 Qxf6 18. g4 Ne6 19. Qe4 $1 {gave White a winning advantage, in Svidler,P 
(2745)-Inarkiev,E (2730) 69th ch-RUS 2016.}) 11. Nde4 Nxe4 12. Nxe4 Bxe4 13.
dxe4 Nd8 14. Bd2 c6 15. a4 Ne6 16. Rd1 Qe7 17. g3 {and the bishop pair 
(especially the strong light-squared bishop) gave White some edge, in Topalov,
V (2760)-Aronian,L (2790) 4th Sinquefield Cup 2016. The game Rozentalis -
Smith, Gothenburg 2013, is an excellent example of the challenges that Black
faces here.}) (5... d6 {is a please-don't-take-my-pawn move, that leads to a
position that very much resembles the Giuoco Piano, but where the bishop is
somewhat more annoying on b5. After} 6. O-O O-O 7. Nbd2 Ne7 8. d4 exd4 9. cxd4
Bb6 10. Re1 Bg4 11. h3 Bh5 {White has been doing well with} 12. a4 {lately.})
6. Bxc6 bxc6 7. Nxe5 {An incredibly prosaic sequence; to stop Nd4, not castle
and then just snatch a pawn. Two decades ago most GMs would have shunned such
simplistic (although possibly efficient) moves. Perhaps the change is due to
the engines, but also because the Kasparov era was all about keeping the
tension.} d5 8. d4 ({White must stay clear of} 8. Nxc6 $2 Qe8 9. Nd4 dxe4 10.
O-O Ba6) 8... Bb6 {This is the main line, but Black has tried some
alternatives:} (8... Qe7 9. O-O dxe4 10. Nxc6 Qe6 11. dxc5 Qxc6 12. Bg5 {
was rather balanced, in Safarli,E (2644)-Fedorchuk,S (2653) Kocaeli 2015, but
I'm curious as to what Black would have replied to a set-up similar to Wei
Yi's.}) (8... Qe8 9. O-O {Again and again we come to this crossroad, where
Black has to decide whether to take with the pawn or the knight on e4. Taking
with the knight is usually more solid, but leads to positions where Black
lacks dynamic play. It's more challenging to take with the pawn.} dxe4 (9...
Nxe4 10. Nd2 Nxd2 11. Bxd2 Bd6 12. Re1 f6 13. Nc4 Be6 14. Nxd6 cxd6 {looks
pretty dull to me, but Black will suffer a bit due to the messed up pawn
structure.}) 10. Nd2 (10. Qa4 $5) (10. Re1 Bd6 11. Nc4) 10... Bd6 11. Ndc4 Be6
12. Re1 c5 13. Be3 Nd5 {was unconvincing for White, in Tari,A (2520)-Fressinet,
L (2712) Oslo 2015. I don't understand much of this structure, so my
recommendations on move 10 are pretty much 100% silicon based.}) (8... Bd6 9.
Nxc6 Qe8 10. e5 Qxc6 11. O-O Ba6 12. Re1 Rfe8 13. Bf4 Qb5 14. Nd2 (14. b3)
14... Qxb2 15. Qb3 Reb8 $11 {Tari,A (2520)-Hammer,J (2665) Oslo 2015}) 9. O-O
dxe4 (9... Nxe4 10. Nxc6 (10. Nd2 Nxd2 11. Bxd2 c5 12. dxc5 Bxc5 13. Qf3 Be6
14. Rfe1 {was microscopically better for White, in Xu,X (2445)-Malakhov,V 
(2695) TCh-CHN 2016, since the knight can dream of out-witting the light
squared bishop at some point.}) 10... Qf6 (10... Qd6 {is the older line, which
also seems good enough for Black.}) 11. Nb4 Be6 12. Nd2 c5 13. dxc5 Bxc5 14.
Nxe4 dxe4 15. Nd5 Qe5 16. Be3 Bxe3 17. Nxe3 f5 {left Black with decent
compensation, in So,W (2770)-Caruana,F (2795) Ultimate Blitz Challenge 2016.})
10. Bg5 {White has a clear plan: to use the bind on Nf6 to attack the pawn on
e4. Black needs to undermine White's center as fast as possible.} ({After} 10.
Nxc6 Qe8 11. Ne5 c5 12. Re1 Qe6 13. Be3 Nd5 (13... Rd8 $5) (13... cxd4 14. cxd4
Nd5) 14. Nd2 f5 15. Ndc4 Bb7 16. dxc5 ({The silicon monster indicates that} 16.
Qb3 {is very good for White, so something have gone wrong for Black in the
last four moves. Perhaps 13...Nd5 was a mistake.}) 16... Nxe3 17. fxe3 Bxc5 {
Black had enough compensation for the pawn, Sokolov,I (2640)-Lorparizangeneh,S
(2465) 1st Stars Cup 2016.}) 10... c5 $1 11. Nd2 cxd4 $6 {This does look
natural, but seems to be a serious mistake.} ({I presume Wei Yi had something
prepared against} 11... Bb7 $1 {, which has been seen in two games.} 12. dxc5 (
12. Ng4 cxd4 13. Nxf6+ gxf6 14. Bh6 Qd7 $13) 12... Bxc5 13. Nb3 Bb6 (13... Bd6
14. Ng4 Be7 15. Qxd8 Raxd8 16. Nxf6+ Bxf6 {was seen in Pogonina,N (2448)
-Olsarova,K (2267) Istanbul 2012, where instead of} 17. Be3 ({White should
have exchanged the bishops} 17. Bxf6 gxf6 {and kept some pressure. The knight
can access the weak squares on the queenside, and the light squared bishop is
playing in parallell dimension where there's nothing to attack.})) 14. c4 (14.
Qxd8 $5 Rfxd8 15. a4) 14... Qd6 (14... e3 $5 15. Qxd8 exf2+ 16. Kh1 Rfxd8 17.
c5 Rd5 18. Bxf6 gxf6 19. Ng4 Rxc5 20. Nxc5 Bxc5 21. Rfc1 $1 Bb6 22. Rc2 f5 23.
Nxf2 f4 {is possibly balanced, but quite hard to handle for both sides.}) 15.
Qxd6 cxd6 16. Bxf6 gxf6 17. Ng4 Rfc8 18. Rac1 Kf8 19. Ne3 Ba6 20. Nd2 Bd4 21.
b3 {with an advantage for White, in Balogh,C (2601)-Naiditsch,A (2684) Aix les
Bains 2011. Both sides could have played better here and if I was to enter
these positions with any colour, then this is where I would be looking for
improvements.}) 12. Nxe4 {This sets a forced sequence in motion...} dxc3 13.
Qf3 Bb7 $8 (13... cxb2 $2 14. Nxf6+ gxf6 15. Bxf6 $18) 14. Bxf6 Bxe4 15. Qxe4
Qxf6 $6 {An accident rarely comes alone.} (15... gxf6 16. Nc6 Qd2 17. bxc3 {
was the better way to fight on. In the game Black gets no chance.}) 16. Nd7 Qg6
(16... Qd4 17. Qxd4 Bxd4 18. Rad1 $18) 17. Qxg6 hxg6 18. Nxf8 cxb2 19. Rab1
Kxf8 20. Rfd1 $1 {With an extra couple of pawns on - let's say - e3 and e5,
Black would have some chances of holding the position (K...e6), but with so
many open lines, Black's king is stuck on the kingside where it becomes
vulnerable to attack. Black is also unable to launch the c-pawn any further
than c5, without losing it, so it is better to keep it in the starting
position where it doesn't obstruct the bishop.} Ke7 ({It looks like Karjakin
had resigned himself to losing, or otherwise he might chosen something more
active, like} 20... Re8 21. Kf1 Re4 22. Rxb2 Rc4 {Still, the final result is
in little doubt.}) 21. Rxb2 {It's hardly even clear where Black made his
mistake, but suddenly he is lost.} g5 22. Rbd2 Rh8 (22... f5 23. Re2+ Kf6 24.
Rd7 g4 25. g3 Rf8 26. Kg2 Rh8 27. Rde7 Kg6 28. R2e6+ Kh7 29. Rf7 {and the
f-pawn is lost. Generally speaking, Black's hope in such a positon as this, it
to keep his weaknesses to a minimum and thus not move the pawns to far (unless
they can be used to attack something).}) 23. g3 Rh5 {This looks weird. Perhaps
Karjakin was trying to keep his rook from being exchanged. Three rooks on the
board or one single; it doesn't matter since White is winning in both
scenarios.} 24. Kg2 Kf6 (24... Rh6 25. Rd7+ Ke6 26. R7d5 Rf6 27. f3 g4 28. f4
$18) 25. h3 Rh6 26. Rd8 Ke7 27. R1d7+ Ke6 28. Rd2 Rf6 {This makes it easy for
White, but the fight was hopeless anyway.} 29. Rg8 Rg6 30. Re8+ Kf6 31. Rd7 {
There is no defence against Rf8, so Black resigned.} 1-0

[Event "79th Tata Steel Chess 2017-Masters"]
[Site "Wijk aan Zee"]
[Date "2017.01.28"]
[Round "12"]
[White "Harikrishna, Pentala"]
[Black "Rapport, Richard"]
[Result "1/2-1/2"]
[WhiteElo "2766"]
[BlackElo "2702"]
[Annotator "alera"]
[PlyCount "105"]
[EventDate "2017.??.??"]

1. e4 c6 2. d4 d5 3. e5 Bf5 4. Nf3 e6 5. Be2 Ne7 6. O-O Ng6 {A rare, but
playable line.} 7. Be3 Nd7 8. Ne1 h5 9. Nd2 $2 {This is bad for White already.}
Ndxe5 {Oops!} 10. dxe5 d4 11. Nc4 dxe3 12. Nxe3 Nxe5 13. Nxf5 exf5 14. Nd3 Bd6
15. Nxe5 Bxe5 16. Qxd8+ Kxd8 {Black is simply up a pawn. Because of the
opposite colored bishops, conversion is very, very difficult, but Black is
pushing. Fast forward to many moves later...} 17. c3 f4 18. Bc4 f6 19. Rfe1 Kc7
20. Rad1 Rae8 21. h3 Re7 22. Bd3 g5 23. Bf5 Rg8 24. f3 a5 25. a4 Rb8 26. Kf1 b5
27. axb5 Rxb5 28. Rd2 a4 29. Re4 Ra5 30. Bg6 h4 31. Rc4 Bd6 32. Be4 Bc5 33. Rd1
Kb6 34. Ra1 Rb5 35. Ra2 Rd7 36. Rcxa4 Kc7 37. b4 Be3 38. c4 Rb8 39. c5 Rd1+ 40.
Ke2 Rg1 {Somehow White recovered his pawn, and the queenside is looking shaky.}
41. Kd3 $2 (41. Ra7+ Rb7 42. R2a6 Rxg2+ 43. Kd3 Rxa7 44. Rxa7+ Kc8 45. Bxc6 {
should be a winning endgame for White. Plenty of analysis needs to be done
still, but it's clear that White is pushing hard.}) 41... Rd1+ 42. Kc3 Rc1+ 43.
Bc2 Bf2 44. Ra7+ Rb7 45. Rxb7+ Kxb7 46. Kb3 Bd4 47. Kc4 Ra1 48. Ra5 Rxa5 49.
bxa5 Bf2 50. Be4 Be1 51. a6+ Kxa6 52. Bxc6 Ka7 53. Kd4 1/2-1/2

[Event "79th Tata Steel GpA"]
[Site "Wijk aan Zee NED"]
[Date "2017.01.28"]
[Round "12.4"]
[White "Aronian, Levon"]
[Black "Van Wely, Loek"]
[Result "1-0"]
[WhiteElo "2780"]
[BlackElo "2695"]
[Annotator "mycomputer"]
[PlyCount "67"]
[EventDate "2017.01.14"]

1. d4 Nf6 2. c4 g6 3. f3 Bg7 4. e4 O-O 5. Nc3 d6 6. Nge2 a6 7. Ng3 Nbd7 8. Be2
c6 9. O-O b5 10. Be3 Rb8 11. Rf2 Qc7 12. Rc1 b4 13. Na4 c5 14. d5 e6 (14... e5
{Aronian expected only this plan, but afterwards he conceded that Van Wely's
Benoni approach was quite unclear.}) 15. b3 Re8 16. Qd2 exd5 17. cxd5 Nb6 18.
Nxb6 Qxb6 19. Bh6 Bh8 20. h3 Bd7 (20... a5 {Aronian felt this plan, followed
by ...Ba6 was compulsory, very interesting, and unclear.}) 21. Bc4 Bb5 22. Kh1
Qd8 23. Bg5 (23. Nf5 $5 {This computer line is quite funny.} Rxe4 $5 24. fxe4
Nxe4 25. Re1 $1 gxf5 26. Rxe4 $1 fxe4 27. Qf4 Be5 28. Qxf7+ Kh8 {and the
computer says 0.00!}) 23... Rb7 24. Qf4 Qe7 25. Qh4 Qe5 26. Rd2 $1 {f4 is
intended.} Bxc4 27. f4 Qxe4 {Van Wely had prepared this queen sacrifice, but
Aronian had spent some time calculating it and played confidently.} (27... Qe7
28. Rxc4 {and e5 is unavoidable.}) 28. Nxe4 (28. bxc4 $1 {Surprisingly, this
is even stronger. The knight on f6 is hanging, and it cannot move because of
Re2 which also wins the queen.}) 28... Nxe4 29. Re1 Bc3 $2 (29... Bb5 30. f5 {
is dangerous for Black, but not yet decisive.}) 30. f5 Bxd2 31. Bxd2 Bxd5 (
31... Bd3 32. Rxe4 {is the same.}) 32. Rxe4 $1 {Black's dar squares are just
too weak. the queen is headed to g7.} Bxe4 (32... Rxe4 33. Qd8+ Kg7 34. f6#)
33. Qf6 Bxg2+ 34. Kg1 1-0

[Event "79th Tata Steel GpB"]
[Site "Wijk aan Zee NED"]
[Date "2017.01.28"]
[Round "12.2"]
[White "Tari, Aryan"]
[Black "Xiong, Jeffery"]
[Result "1-0"]
[WhiteElo "2584"]
[BlackElo "2667"]
[Annotator "mycomputer"]
[PlyCount "83"]
[EventDate "2017.01.14"]

1. e4 e5 2. Nf3 Nf6 3. Nxe5 d6 4. Nf3 Nxe4 5. d4 d5 6. Bd3 Be7 7. O-O O-O 8. c4
Nf6 9. Nc3 Nc6 10. Re1 Nb4 11. cxd5 Nbxd5 12. Qb3 c6 13. Bg5 Nc7 14. Rad1 Rb8
15. Bc4 Bg4 16. d5 $1 {"A passed pawn is a criminal which should be kept under
lock and key. Mild measures, such as police surveillance, are not sufficient."
..C Aron Nimzowitsch. ? ? ? ? ?This also applies to IQPs.} b5 17. dxc6 $1 {
This piece sacrifice is quite promising.} bxc4 18. Qxc4 Rb4 (18... Qe8 $2 19.
Bxf6 gxf6 20. Qxg4+) 19. Qe2 Bd6 20. Bxf6 (20. Ne4 $5 {was also possible
immediately.} Rxe4 21. Qxe4 Nxe4 22. Bxd8 Rxd8 23. Rxe4 Bxh2+ $2 {Does not
work.} 24. Kxh2 Rxd1 25. Rxg4) 20... Qxf6 21. Ne4 Rxe4 22. Qxe4 Bxf3 23. Qxf3
Qxf3 24. gxf3 {White has a clear advantage with two pawns and a rook for the
twe pieces. More importantly than the material count, the black pieces lack
stability and the c-pawn is threatening.} Rd8 25. Kf1 Kf8 26. b4 Ne6 27. b5
Bxh2 28. Rxd8+ Nxd8 29. Rd1 Bc7 30. Rd7 Ne6 31. a4 Ke8 32. a5 Bxa5 33. Rxa7 Bd8
34. Rb7 Nd4 35. f4 g6 36. f3 h5 37. Kf2 Ba5 38. Ke3 Nf5+ 39. Kd3 h4 40. Ra7 Bb6
41. Ra6 Bd8 42. Ra8 {c7 is intended and ...Ke7 is met by Ra7+ and then c7.} 1-0